15 meilleurs films - IMDb - Statistiques

Statistiques générales
  • Ce quiz a été pris 118 fois
  • Le résultat moyen est 5 sur 15
Statistiques - réponses
Hint Réponse % Correct
2 Le Parrain
72%
1 Les évadés
58%
11 Forrest Gump
54%
14 Inception
52%
8 Pulp Fiction
44%
12 Fight Club
42%
6 La liste de Schindler
34%
7 Le Seigneur des Anneaux : le retour du roi
32%
5 12 hommes en colère
27%
10 Le Bon, la Brute et le Truand
25%
3 The Dark Knight : le chevalier noir
20%
13 Le Seigneur des Anneaux : les deux tours
15%
4 Le Parrain : 2ème partie
11%
15 Star Wars : l'empire contre-attaque
9%
9 Le Seigneur des Anneaux : la communauté de l'anneaux
3%
Aucun quiz correspondant
Distribution des résultats
% des personnes avec chaque résultat
Percentile par nombre de réponses
Votre historique - résultats
Vous n’avez pas pris ce quiz